|
|
|
|
| LEADER |
01543nam a2200373 i 4500 |
| 001 |
EBC5977909 |
| 003 |
MiAaPQ |
| 005 |
20191209122404.0 |
| 006 |
m o d | |
| 007 |
cr cnu|||||||| |
| 008 |
191209s2019 enk o 000 0 eng d |
| 020 |
|
|
|z 9781838678678
|
| 020 |
|
|
|a 9781838678685 (e-book)
|
| 035 |
|
|
|a (MiAaPQ)EBC5977909
|
| 035 |
|
|
|a (Au-PeEL)EBL5977909
|
| 035 |
|
|
|a (OCoLC)1127951789
|
| 040 |
|
|
|a MiAaPQ
|b eng
|e rda
|e pn
|c MiAaPQ
|d MiAaPQ
|
| 050 |
|
4 |
|a HF5415
|b .B875 2019
|
| 082 |
0 |
|
|a 658.8
|2 23
|
| 245 |
0 |
0 |
|a Business in Asian emerging markets :
|b a focus on inclusive growth /
|c guest editors, Irwan Trinugroho and Arifin Angriawan.
|
| 264 |
|
1 |
|a London, England :
|b Emerald Publishing,
|c 2019.
|
| 300 |
|
|
|a 1 online resource (141 pages)
|
| 336 |
|
|
|a text
|b txt
|2 rdacontent
|
| 337 |
|
|
|a computer
|b c
|2 rdamedia
|
| 338 |
|
|
|a online resource
|b cr
|2 rdacarrier
|
| 588 |
|
|
|a Description based on print version record.
|
| 590 |
|
|
|a Electronic reproduction. Ann Arbor, MI : ProQuest, 2018. Available via World Wide Web. Access may be limited to ProQuest affiliated libraries.
|
| 650 |
|
0 |
|a Marketing.
|
| 655 |
|
4 |
|a Electronic books.
|
| 700 |
1 |
|
|a Trinugroho, Irwan,
|e editor.
|
| 700 |
1 |
|
|a Angriawan, Arifin,
|e editor.
|
| 776 |
0 |
8 |
|i Print version:
|t Business in Asian emerging markets : a focus on inclusive growth.
|d London, England : Emerald Publishing, 2019
|h 141 pages
|z 9781838678678
|
| 797 |
2 |
|
|a ProQuest (Firm)
|
| 856 |
4 |
0 |
|u https://ebookcentral.proquest.com/lib/matrademy/detail.action?docID=5977909
|z Click to View
|